Statistics for Canada largest islands

Click here to take the quiz!

General Stats

  • This quiz has been taken 395 times
  • The average score is 5 of 10

Answer Stats

Hint Answer % Correct
507,451Baffin
96%
196,236Ellesmere
81%
217,291Victoria
80%
108,860Newfoundland
79%
70,028Banks
54%
55,247Devon
35%
43,178Axel Heiberg
26%
33,339Prince of Wales
23%
41,214Southampton
21%
42,149Melville
19%

Score Distribution

Percentile by Number Answered

Percent of People with Each Score

Your Score History

You have not taken this quiz